000 00440nam a2200181Ia 4500
001 14185
005 20260306164855.0
008 260306t1999||||xx |||||||||||||| ||spa||
041 _aESP
082 _a510
_bM58
100 _aMiller, Charles D.
_eAUT
245 0 _aMatemática:
_bRazonamiento y aplicaciones
260 _c1999
300 _axiv, 920 páginas :
_c25 cm.
650 _aGEN
654 _aCMA
942 _cLIB
_dJUS
_fJUS
_2ddc
_n
999 _c14185
_d14185